| 000 | 00561nam a2200169 i 4500 | ||
|---|---|---|---|
| 001 | 142520 | ||
| 003 | ES-MaACL | ||
| 005 | 20230906200538.0 | ||
| 007 | t| | ||
| 008 | 071005s1932 sp ||||1| spa d | ||
| 100 | 1 |
_aVilanova, María. _9114777 |
|
| 245 | 1 | 3 |
_aUn espíritu que quiere enseñar al hombre de la tierra _b: año 1932 / _cdictado por León Denis a María Vilanova del grupo "Amor y Vida". |
| 260 |
_aBarcelona : _b[s.n.], _c1932 ( _fImp. Barcelona) |
||
| 300 |
_a78 p. ; _c16 cm. |
||
| 650 | 1 | 4 |
_aEspiritismo. _912502 |
| 852 |
_aES-MaACL _j1786-F-2 |
||
| 999 |
_c142520 _d142520 |
||